Prueba de la República Dominicana - Estadísticas

Estadísticas generales
  • Esta prueba ha sido intentada 1.306 veces
  • La puntuación promedio es 12 de 16
Estadísticas de respuestas
Pista Respuesta % Correcto
Idioma oficial Español
98%
El único país limítrofe Haití
97%
Capital Santo Domingo
97%
Más de un millón de dominicanos viven en este país extranjero Estados Unidos
91%
Esa isla está en este mar Mar Caribe
90%
Moneda Peso
89%
Un pueblo turístico en el extremo oriental de la isla Punta {Cana}
88%
El deporte más popular Béisbol
83%
En la República Dominicana, el "merengue" es un tipo de ... Música
79%
Esa ciudad es la ciudad más _______ fundada por los europeos en el Nuevo Mundo Antigua
78%
Brugal, Barcelo y Bermudez son marcas de esta bebida Ron
77%
Isla situada a unos 120 km al este de la República Dominicana Puerto Rico
69%
Isla compartida con ese país La Española
67%
El dictador apodado "El Jefe" por el que una vez fue nombrada la capital Rafael Trujillo
45%
El 5% de las exportaciones de la República Dominicana consisten en este producto a menudo enrollado a mano Cigarros
44%
Famoso diseñador de moda con las iniciales ODLR Oscar de la Renta
42%
No se encontraron pruebas coincidentes
Distribución de puntuación
Porcentaje de gente con cada puntuación
Porcentaje por número respondido
Historial de tus puntuaciones
No has intentado esta prueba.